000 00496nam a22001817a 4500
003 CEME
005 20210628203351.0
008 210305b xxu||||| |||| 00| 0 eng d
020 _a0-14-062088-5
040 _c.
082 _a808.83 CLE
100 _aCleland, John
_965016
245 _aFanny hill, or memoirs of a woman of pleasure
260 _aNEW YORK
_bPENGUIN BOOKS
_c1994
300 _a221P
650 _aENGLISH LITERATURE-FICTION.PENGUINE POPULAR CLASSIC
_964803
942 _cBK
_2ddc
999 _c573347
_d573347